Síndrome confusional agudo / (Registro nro. 228)

Detalles MARC
000 -LEADER
fixed length control field 01214 am a2200289 a 4500
005 - FECHA ULTIMA MODIFICACION
control field 20240521080038.0
008 - CAMPO DE CONTROL (LIBRO)
fixed length control field 100406s2007||||ag ||||f |||| 000 0 spa d
020 ## - INTERNATIONAL STANDARD BOOK NUMBER
ISBN 97898772309299
041 ## - CODIGO DE IDIOMA
Código de idioma del texto/pista de sonido o título separado spa
092 ## - SIGNATURA TOPOGRAFICA DEWEY LOCAL
número de clasificación 616
libristica 79
sección SIN
245 ## - TITULO PROPIAMENTE DICHO
Título Síndrome confusional agudo /
Mención de responsabilidad y remanente de la transcripción de la portada Jorge Farías
250 ## - MENCION DE EDICION
Mención de edición 1a ed.
Mención de responsabilidad relacionada con la ed. Directora Clinicas de Medicina Interna Claudia Alonso
260 ## - PIE DE IMPRENTA
Lugar de publicación, distribución, etc Buenos Aires:
Nombre de la editorial, distribuidor, etc delhospital ediciones;
Fecha de publicación 2007.
300 ## - DESCRIPCION FISICA
Extension 102 p.
Dimensiones 22x16 cm.
500 ## - NOTA GENERAL
Nota general Cámera, L., Farias, J. y Waisman, G. (Eds.). (2007). Síndrome confusional agudo. (1a ed.). Buenos Aires : delhospital ediciones.
590 ## - NOTAS LOCALES (RLIN)
Nota local Clinicas de Medicina Interna del Hospital Italiano. Donación Hospital Italiano, 2007
653 ## - TÉRMINO INDIZADO - PALABRAS CLAVES
Palabra clave Síndrome confusional agudo
653 ## - TÉRMINO INDIZADO - PALABRAS CLAVES
Palabra clave Fisiopatología del síndrome confusional agudo
653 ## - TÉRMINO INDIZADO - PALABRAS CLAVES
Palabra clave Presentación clínica del síndrome confusional agudo
653 ## - TÉRMINO INDIZADO - PALABRAS CLAVES
Palabra clave Síndrome confusional agudo en diferentes ámbitos de atención
653 ## - TÉRMINO INDIZADO - PALABRAS CLAVES
Palabra clave Pronóstico y seguimiento del paciente con síndrome confusional agudo
700 1# - ENTRADAS SECUNDARIAS - NOMBRE PERSONAL
Nombre personal Cámera, Luis
Función Ed.
9 (RLIN) 312
700 1# - ENTRADAS SECUNDARIAS - NOMBRE PERSONAL
Nombre personal Farias, Jorge
Función Ed.
9 (RLIN) 1664
700 1# - ENTRADAS SECUNDARIAS - NOMBRE PERSONAL
Nombre personal Waisman, Gabriel
Función Ed.
9 (RLIN) 313
930 ## - NUMERO DE INVENTARIO
Número de inventario 1857
942 ## - ADDED ENTRY ELEMENTS (KOHA)
Source of classification or shelving scheme Dewey Decimal Classification
Item type Libros
Existencias
Estado de retiro Existencia Estado general No para prestamo Ubicación permanente ubicación actual Sala de ubicación Fecha de adquisición Total Checkouts Número de clasificación Código de barras Date last seen Número de ejemplar Price effective from Koha tipo de elemento (item)
        Biblioteca Medicina Biblioteca Medicina Circulación 13/05/2011   616 SIN 1857 06/11/2014 ej.1 13/05/2011 Libros

UNIVERSIDAD NACIONAL DEL COMAHUE
Biblioteca de la Facultad de Ciencias Médicas
Sede Toschi: Los Arrayanes y Av. Toschi, Cipolletti  - Rio Negro
Sede Los Tordos:  Yrigoyen al 2211, Cipolletti - Rio Negro 

Teléfono: 0299 - 4774707 int 25
Contacto: biblioteca@facimed.uncoma.edu.ar
© 2011 - 2026